State Enterprise Reform and Macro-Economic Stability in Transition Economies

Na minha lista:
Detalhes bibliográficos
Autor principal: Perkins, Frances C.
Outros Autores: Raiser, Martin
Formato: Livro
Idioma:inglês
Publicado em: Kiel Institut für Weltwirtschaft 1994
Colecção:Kiel Working Paper No.665
Assuntos:
Tags: Adicionar Tag
Sem tags, seja o primeiro a adicionar uma tag!

MARC

LEADER 00000nam a2200000 4500
001 c010675
005 20250521093103.3
041 0 |a eng 
044 |a DE 
245 1 0 |a State Enterprise Reform and Macro-Economic Stability in Transition Economies  |c Frances C. Perkins, Martin Raiser 
264 1 |a Kiel  |b Institut für Weltwirtschaft  |c 1994 
300 |a 53 s. 
490 1 |a Kiel Working Paper  |v No.665 
830 0 |a Kiel Working Paper  |v No.665 
610 2 0 |a podnik štátny 
610 2 0 |a reformy 
610 2 0 |a makroekonomika 
610 2 0 |a stabilita hospodárstva 
610 2 0 |a stredná Európa 
610 2 0 |a Čína 
100 1 |a Perkins, Frances C. 
700 1 |a Raiser, Martin